00287 a2200121 4500001000700000020001800007040001100025100001600036240005100052245004600103300000700149362000900156187306 a85-305-0225-6 cMagnum aRocha, Ruth10aO menino que quase morreu afogado no lixolpor10aO menino que quase morreu afogado no lixo a320 a1999